[Event "19th EUR-ch"]
[Site "Batumi GEO"]
[Date "2018.03.28"]
[Round "11.52"]
[White "Pavlov, Sergey"]
[Black "Bindrich, Falko"]
[Result "1-0"]
[WhiteElo "2485"]
[BlackElo "2602"]
[EventDate "2018.03.17"]
[PlyCount "158"]

1.c4 b6 2.Nc3 Bb7 3.e4 c5 4.Nf3 d6 5.d4 cxd4 6.Nxd4 Nf6 7.f3 g6 8.Be3 Bg7 
9.Be2 O-O 10.O-O Nbd7 11.Qd2 Rc8 12.Rac1 a6 13.Nd5 Re8 14.Rfd1 Nc5 15.b4 
Ncd7 16.Nb3 Bc6 17.Bf1 Ba4 18.Nc3 Bxb3 19.axb3 a5 20.Nd5 axb4 21.Qxb4 Rb8 
22.Rd2 Nc5 23.Qb5 Nfd7 24.Rb1 h5 25.b4 Ne6 26.Qa4 Ra8 27.Qd1 Ra3 28.Rd3 
Ra7 29.f4 Nef8 30.e5 Ra2 31.c5 bxc5 32.bxc5 Ne6 33.cxd6 exd6 34.exd6 Ndc5 
35.Ne7+ Rxe7 36.dxe7 Qxe7 37.Rd5 Ne4 38.Rb8+ Bf8 39.Rd7 Qh4 40.Qf3 Nf6 41.
Rd2 Ra1 42.h3 Qe1 43.f5 gxf5 44.Bh6 Qe5 45.Rc8 h4 46.Bxf8 Nxf8 47.Rdd8 Nh7
48.Qf2 Ra4 49.Qc5 Qxc5+ 50.Rxc5 f4 51.Bd3 Kg7 52.Rcc8 Ra1+ 53.Kh2 f3 54.
Bxh7 fxg2 55.Kxg2 Nxh7 56.Rg8+ Kf6 57.Rc6+ Ke5 58.Rc5+ Kd4 59.Rf5 f6 60.
Rg4+ Ke3 61.Rf3+ Ke2 62.Re4+ Kd2 63.Rxh4 Ng5 64.Rxf6 Ke3 65.Rf8 Ra2+ 66.
Kg3 Ne4+ 67.Kg4 Ra4 68.Kh5 Ng3+ 69.Kg5 Ne4+ 70.Rxe4+ Rxe4 71.h4 Re5+ 72.
Kg6 Re6+ 73.Rf6 Re4 74.h5 Rg4+ 75.Kf5 Rh4 76.h6 Rh1 77.Kg6 Ke4 78.h7 Ke5 
79.Rf8 Kd5 1-0

[Event "19th EUR-ch"]
[Site "Batumi GEO"]
[Date "2018.03.28"]
[Round "11.53"]
[White "Stefanova, Antoaneta"]
[Black "Kovchan, Alexander"]
[Result "1-0"]
[WhiteElo "2481"]
[BlackElo "2596"]
[EventDate "2018.03.17"]
[PlyCount "83"]

1.d4 Nf6 2.Nf3 g6 3.g3 c5 4.dxc5 Qa5+ 5.Nfd2 h5 6.h3 h4 7.g4 Na6 8.a3 Qxc5
9.Bg2 Bg7 10.Nc3 Nc7 11.Nb3 Qe5 12.f4 Qe6 13.Qd3 d5 14.Be3 O-O 15.Bd4 b6 
16.Be5 Ba6 17.Qf3 Rac8 18.Rd1 Rfd8 19.Nd4 Qd7 20.Qf2 Nce8 21.Qxh4 Nd6 22.
Nxd5 Nxd5 23.Bxd5 Bb7 24.Bxg7 Kxg7 25.Bxb7 Qxb7 26.O-O Nc4 27.Rd3 Rh8 28.
Qg5 Qe4 29.f5 Qe5 30.c3 Qf6 31.Qxf6+ exf6 32.fxg6 fxg6 33.Ne6+ Kf7 34.Nf4 
g5 35.Nh5 Rh6 36.Rd7+ Ke6 37.Rfd1 f5 38.b3 fxg4 39.hxg4 Rxh5 40.gxh5 Ne5 
41.Rxa7 Rxc3 42.h6 1-0

[Event "19th EUR-ch"]
[Site "Batumi GEO"]
[Date "2018.03.28"]
[Round "11.55"]
[White "Bogner, Sebastian"]
[Black "Zanan, Evgeny"]
[Result "1-0"]
[WhiteElo "2588"]
[BlackElo "2493"]
[EventDate "2018.03.17"]
[PlyCount "213"]

1.e4 e5 2.Nf3 Nc6 3.Bc4 Bc5 4.O-O Nf6 5.d3 O-O 6.Nbd2 d6 7.c3 a5 8.h3 h6 
9.Re1 Be6 10.Bb5 Ba7 11.Nf1 Ne7 12.d4 c6 13.Bd3 Ng6 14.Ng3 Qc7 15.Be3 Rfe8
16.Qc2 a4 17.c4 Bd7 18.Rad1 exd4 19.Nxd4 Bc5 20.Bf1 Qb6 21.Ndf5 Bxf5 22.
Nxf5 Nxe4 23.Bxc5 Nxc5 24.Qc3 Re5 25.Nxd6 Rxe1 26.Rxe1 Ne6 27.g3 Qc7 28.c5
Ngf8 29.Bc4 b6 30.Nxf7 Qxf7 31.cxb6 Rb8 32.Qe3 Re8 33.Qe5 Kh8 34.Qd6 Qb7 
35.Bxe6 Qxb6 36.Re2 Nxe6 37.Rxe6 Rxe6 38.Qxe6 Qxb2 39.Qe8+ Kh7 40.Qe4+ Kh8
41.Qxa4 Qc1+ 42.Kg2 c5 43.Qe8+ Kh7 44.Qe4+ Kh8 45.a4 c4 46.a5 Qa3 47.Qa8+ 
Kh7 48.a6 c3 49.Qe4+ Kg8 50.Qd5+ Kf8 51.Qa8+ Kf7 52.Qb7+ Kf6 53.Qf3+ Kg6 
54.g4 Qa5 55.a7 c2 56.Qc6+ Kf7 57.Qb7+ Kg6 58.Qe4+ Kf7 59.Qc4+ Kf8 60.Qc8+
Kf7 61.Qb7+ Kg6 62.a8=Q Qxa8 63.Qxa8 c1=Q 64.Qe4+ Kf7 65.Qd5+ Kf8 66.h4 
Qb2 67.Qe4 Qc1 68.Qd5 Qb2 69.Qf5+ Ke7 70.g5 hxg5 71.hxg5 Qb6 72.Kg3 g6 73.
Qf4 Qa6 74.Kf3 Ke8 75.Qd4 Kf7 76.Qd7+ Kg8 77.Qd5+ Kg7 78.Kf4 Qb6 79.f3 
Qb4+ 80.Ke3 Qc3+ 81.Ke4 Qc2+ 82.Ke5 Qc7+ 83.Ke6 Qf7+ 84.Kd6 Qf8+ 85.Kd7 
Qf4 86.Kc6 Qc1+ 87.Kd6 Qa3+ 88.Ke6 Qa6+ 89.Ke5 Qa7 90.Qd4 Qe7+ 91.Kd5+ Kf7
92.Qf4+ Kg8 93.Qb8+ Kh7 94.f4 Qf7+ 95.Kc5 Qf5+ 96.Qe5 Qc2+ 97.Kd6 Qd3+ 98.
Ke7 Qc4 99.Qe6 Qb4+ 100.Qd6 Qc4 101.Ke8 Qc2 102.Qe6 Kg7 103.Qf7+ Kh8 104.
Qd5 Kg7 105.Qe5+ Kg8 106.Ke7 Qb1 107.Kf6 1-0

[Event "19th EUR-ch"]
[Site "Batumi GEO"]
[Date "2018.03.28"]
[Round "11.57"]
[White "Beradze, Irakli"]
[Black "Lopez Martinez, Josep Manuel"]
[Result "1/2-1/2"]
[WhiteElo "2464"]
[BlackElo "2584"]
[EventDate "2018.03.17"]
[PlyCount "110"]

1.Nf3 e6 2.c4 d5 3.d4 Nf6 4.Nc3 c5 5.cxd5 Nxd5 6.e4 Nxc3 7.bxc3 cxd4 8.
cxd4 Bb4+ 9.Bd2 Bxd2+ 10.Qxd2 O-O 11.Bc4 Nd7 12.O-O b6 13.Bb3 Bb7 14.Rfe1 
Rc8 15.Qf4 Qf6 16.Qe3 Rfd8 17.Rac1 Qe7 18.Qf4 Qf6 19.Rxc8 Rxc8 20.Qd6 Qd8 
21.Ne5 Nxe5 22.Qxe5 Qc7 23.Qxc7 Rxc7 24.d5 Kf8 25.d6 Rc5 26.f4 Ke8 27.e5 
Kd7 28.Re2 Rc1+ 29.Kf2 Bc6 30.Rc2 Rh1 31.Bc4 Rxh2 32.Kg3 Rh6 33.Ba6 Rg6+ 
34.Kh2 f6 35.Bb7 Bxb7 36.Rc7+ Kd8 37.Rxb7 fxe5 38.fxe5 Rg5 39.Rxa7 Rxe5 
40.Rxg7 h5 41.Rb7 b5 42.Kg3 Rd5 43.Kh4 Rd2 44.g3 Rd5 45.Rh7 e5 46.Kxh5 
Rxd6 47.Kg5 Rd2 48.Rb7 Rxa2 49.Rxb5 Ke7 50.Kf5 Kf7 51.g4 Rf2+ 52.Kxe5 Kg6 
53.Rb8 Re2+ 54.Kd4 Re7 55.g5 Kxg5 1/2-1/2

[Event "19th EUR-ch"]
[Site "Batumi GEO"]
[Date "2018.03.28"]
[Round "11.58"]
[White "Vavulin, Maksim"]
[Black "Mindlin, Alon"]
[Result "1/2-1/2"]
[WhiteElo "2583"]
[BlackElo "2442"]
[EventDate "2018.03.17"]
[PlyCount "38"]

1.e4 e5 2.Nf3 Nc6 3.Bb5 a6 4.Ba4 Nf6 5.O-O Be7 6.Re1 b5 7.Bb3 d6 8.c3 O-O 
9.h3 Nb8 10.d3 c5 11.Nbd2 Nc6 12.d4 cxd4 13.cxd4 exd4 14.Nf1 d5 15.e5 Ne4 
16.Bf4 Be6 17.Ng3 Rc8 18.Nxe4 dxe4 19.Rxe4 d3 1/2-1/2

[Event "19th EUR-ch"]
[Site "Batumi GEO"]
[Date "2018.03.28"]
[Round "11.59"]
[White "Chigaev, Maksim"]
[Black "Haria, Ravi"]
[Result "1-0"]
[WhiteElo "2560"]
[BlackElo "2424"]
[EventDate "2018.03.17"]
[PlyCount "55"]

1.e4 e6 2.d4 d5 3.Bd3 a6 4.Ne2 c5 5.exd5 exd5 6.dxc5 Bxc5 7.O-O Ne7 8.Nbc3
Nbc6 9.Nf4 g6 10.Be2 Be6 11.Bf3 Bd4 12.Re1 Qd6 13.Ncxd5 Bxd5 14.Nxd5 O-O-O
15.Nxe7+ Nxe7 16.c3 Be5 17.Qxd6 Bxd6 18.Bg5 Rhe8 19.Bf6 Kc7 20.Rad1 b6 21.
Re4 Rc8 22.Rde1 Kd7 23.g3 h5 24.Bg2 b5 25.Kf1 Rb8 26.h4 Rbc8 27.Rxe7+ Bxe7
28.Bh3+ 1-0

[Event "19th EUR-ch"]
[Site "Batumi GEO"]
[Date "2018.03.28"]
[Round "11.60"]
[White "Rzayev, Bahruz"]
[Black "Fedorov, Alexei"]
[Result "0-1"]
[WhiteElo "2390"]
[BlackElo "2559"]
[EventDate "2018.03.17"]
[PlyCount "111"]

1.c4 g6 2.Nc3 Bg7 3.g3 c5 4.Bg2 Nc6 5.e3 Bxc3 6.dxc3 d6 7.e4 f5 8.exf5 
Bxf5 9.g4 Be6 10.Bd5 Qd7 11.h3 h5 12.Qe2 Nd8 13.Qe4 Nf6 14.Bxe6 Qxe6 15.
Qxe6 Nxe6 16.g5 Nd7 17.f4 Ng7 18.Rh2 O-O 19.Be3 e5 20.fxe5 Nxe5 21.b3 Rae8
22.O-O-O Nf3 23.Nxf3 Rxf3 24.Bd2 Nf5 25.Re1 Re5 26.Rxe5 dxe5 27.Re2 Rxh3 
28.Rxe5 Rf3 29.Rxc5 h4 30.Rc8+ Kh7 31.Rc7+ Ng7 32.Re7 h3 33.Re2 Nf5 34.Rh2
Nd6 35.Kd1 Ne4 36.Be1 Nxc3+ 37.Kc2 Ne4 38.Kd1 Re3 39.b4 Kg8 40.c5 a6 41.a4
Ra3 42.Kc1 Ra1+ 43.Kb2 Rxe1 44.Rxh3 a5 45.Rd3 axb4 46.Rd8+ Kf7 47.Kb3 
Nxc5+ 48.Kxb4 Re5 49.Rc8 Na6+ 50.Kc4 Rxg5 51.Rh8 Rc5+ 52.Kd4 Kg7 53.Ra8 
Rc7 54.Ke5 Rf7 55.a5 Rf5+ 56.Kd4 0-1

[Event "19th EUR-ch"]
[Site "Batumi GEO"]
[Date "2018.03.28"]
[Round "11.61"]
[White "Moroni, Luca jr"]
[Black "Muradli, Mahammad"]
[Result "1-0"]
[WhiteElo "2559"]
[BlackElo "2398"]
[EventDate "2018.03.17"]
[PlyCount "75"]

1.d4 Nf6 2.Nf3 g6 3.c4 Bg7 4.g3 c6 5.Bg2 d5 6.b3 dxc4 7.bxc4 c5 8.O-O O-O 
9.Bb2 Qb6 10.Qc1 cxd4 11.Nxd4 Nc6 12.Nxc6 bxc6 13.Nd2 Be6 14.Qc2 Qa6 15.
Rfc1 Rab8 16.Nb3 Rb4 17.Nc5 Qc8 18.Nxe6 Qxe6 19.Ba3 Rb7 20.Rab1 Rfb8 21.
Rxb7 Rxb7 22.e3 h5 23.h3 Rc7 24.Qd1 Nd7 25.Qd3 Kh7 26.Qb3 Ne5 27.c5 Qxb3 
28.axb3 Rb7 29.Rb1 e6 30.f4 Nc4 31.Bxc6 Rb8 32.Bc1 Bf8 33.Be4 Na5 34.b4 
Nb7 35.Bb2 Nxc5 36.bxc5 Bxc5 37.Bd4 Bb6 38.Kf2 1-0

[Event "19th EUR-ch"]
[Site "Batumi GEO"]
[Date "2018.03.28"]
[Round "11.63"]
[White "Moiseenko, Vadim"]
[Black "Tutisani, Noe"]
[Result "1/2-1/2"]
[WhiteElo "2552"]
[BlackElo "2394"]
[EventDate "2018.03.17"]
[PlyCount "59"]

1.e4 c5 2.Nf3 d6 3.d4 cxd4 4.Nxd4 Nf6 5.Nc3 a6 6.g3 e5 7.Nf3 Be7 8.Bg2 O-O
9.O-O Nbd7 10.a4 Nc5 11.Re1 Bd7 12.Bg5 Bc6 13.Bxf6 Bxf6 14.b4 Ne6 15.Nd5 
Bxd5 16.Qxd5 Nc7 17.Qd3 d5 18.c3 Re8 19.Rad1 dxe4 20.Qxe4 Qc8 21.c4 a5 22.
b5 Ne6 23.Nxe5 Nc5 24.Qd5 Re7 25.Nc6 Rxe1+ 26.Rxe1 Qf8 27.Ne5 Rd8 28.Qf3 
Re8 29.Qd5 Rd8 30.Qf3 1/2-1/2

[Event "19th EUR-ch"]
[Site "Batumi GEO"]
[Date "2018.03.28"]
[Round "11.64"]
[White "Stupak, Kirill"]
[Black "Nesterov, Arseniy"]
[Result "1-0"]
[WhiteElo "2541"]
[BlackElo "2388"]
[EventDate "2018.03.17"]
[PlyCount "103"]

1.d4 d5 2.Nf3 Nf6 3.c4 c6 4.g3 Bf5 5.Bg2 e6 6.O-O h6 7.Nc3 Be7 8.Qb3 Qb6 
9.c5 Qc7 10.Bf4 Qc8 11.Nd2 O-O 12.e4 Bh7 13.Rfe1 Re8 14.f3 Rd8 15.Bd6 Bf8 
16.Rac1 Nfd7 17.Qa3 b6 18.b4 a5 19.Bxf8 Rxf8 20.exd5 bxc5 21.dxc5 exd5 22.
Nb3 Na6 23.bxa5 Qc7 24.Na4 Ne5 25.Nb6 Rae8 26.Red1 Nd3 27.Rxd3 Bxd3 28.Nd4
Bc4 29.f4 Nb8 30.Nxc4 dxc4 31.Nf5 Qa7 32.Bf3 g6 33.Nxh6+ Kg7 34.Ng4 Nd7 
35.Rxc4 Qa6 36.Qc3+ f6 37.Rd4 Nxc5 38.Kg2 Qb5 39.a4 Nxa4 40.Rd7+ Kh8 41.
Nxf6 Re2+ 42.Bxe2 Qxe2+ 43.Kg1 Qd1+ 44.Rxd1 Nxc3 45.Rd6 c5 46.a6 Nb5 47.
Rb6 Na7 48.Ne4 c4 49.Rb7 Nc6 50.a7 Ra8 51.Rc7 Nxa7 52.Nf6 1-0

[Event "19th EUR-ch"]
[Site "Batumi GEO"]
[Date "2018.03.28"]
[Round "11.65"]
[White "Oboladze, Luka"]
[Black "Alexandrov, Alexei"]
[Result "1/2-1/2"]
[WhiteElo "2318"]
[BlackElo "2630"]
[EventDate "2018.03.17"]
[PlyCount "34"]

1.d4 Nf6 2.c4 e6 3.Nf3 d5 4.Nc3 Bb4 5.Bg5 h6 6.Bxf6 Qxf6 7.Qa4+ Nc6 8.e3 
O-O 9.Be2 Bd7 10.Qb3 dxc4 11.Qxc4 Bd6 12.O-O Qg6 13.Qd3 Qxd3 14.Bxd3 e5 
15.Ne4 exd4 16.Nxd6 cxd6 17.Nxd4 Nxd4 1/2-1/2

[Event "19th EUR-ch"]
[Site "Batumi GEO"]
[Date "2018.03.28"]
[Round "11.66"]
[White "Sadikhov, Ulvi"]
[Black "Kovalev, Vladislav"]
[Result "0-1"]
[WhiteElo "2477"]
[BlackElo "2650"]
[EventDate "2018.03.17"]
[PlyCount "139"]

1.e4 e5 2.Nf3 Nc6 3.Bb5 a6 4.Ba4 Nf6 5.O-O Be7 6.Re1 b5 7.Bb3 O-O 8.d3 d6 
9.a3 Be6 10.Bxe6 fxe6 11.Nc3 Nd4 12.Nxd4 exd4 13.Ne2 e5 14.Ng3 c5 15.Rf1 
Qd7 16.f4 Qe6 17.Qe2 Nd7 18.Nf5 Bf6 19.g4 exf4 20.Bxf4 Be5 21.Bg5 Rae8 22.
Rf2 g6 23.Nh6+ Kg7 24.Raf1 Rxf2 25.Rxf2 Rf8 26.Rxf8 Kxf8 27.Qf3+ Ke8 28.b3
Bg7 29.h3 Ne5 30.Qf1 c4 31.bxc4 bxc4 32.Bf4 cxd3 33.cxd3 Qb3 34.Bxe5 Bxe5 
35.g5 Qxa3 36.Qf7+ Kd8 37.Qc4 Qc3 38.Nf7+ Ke7 39.Nxe5 dxe5 40.Qxa6 Qe1+ 
41.Kg2 Qd2+ 42.Kh1 Qc1+ 43.Kh2 Qf4+ 44.Kh1 Qxg5 45.Qb7+ Kf6 46.Qxh7 Qc1+ 
47.Kg2 Qd2+ 48.Kg1 Qe1+ 49.Kg2 Kg5 50.h4+ Qxh4 51.Qe7+ Kg4 52.Qxe5 Qh3+ 
53.Kg1 Qxd3 54.Qe6+ Kf3 55.Qf6+ Kxe4 56.Qxg6+ Ke3 57.Qe6+ Qe4 58.Qb6 Kf3 
59.Qf6+ Ke2 60.Kh2 d3 61.Kg3 d2 62.Qb2 Qd3+ 63.Kh2 Qh7+ 64.Kg3 Qg6+ 65.Kf4
Qd6+ 66.Ke4 Qd3+ 67.Kf4 Kf1 68.Qh8 d1=Q 69.Qh1+ Ke2 70.Kg5 0-1

[Event "19th EUR-ch"]
[Site "Batumi GEO"]
[Date "2018.03.28"]
[Round "11.67"]
[White "Solak, Dragan"]
[Black "Neverov, Valeriy"]
[Result "1/2-1/2"]
[WhiteElo "2629"]
[BlackElo "2480"]
[EventDate "2018.03.17"]
[PlyCount "21"]

1.e4 c5 2.Nf3 d6 3.d4 cxd4 4.Nxd4 Nf6 5.Nc3 Nc6 6.Bg5 e6 7.Qd2 a6 8.O-O-O 
Bd7 9.f4 h6 10.Bh4 Qc7 11.Bxf6 1/2-1/2

[Event "19th EUR-ch"]
[Site "Batumi GEO"]
[Date "2018.03.28"]
[Round "11.68"]
[White "Jurcik, Marian"]
[Black "Bosiocic, Marin"]
[Result "0-1"]
[WhiteElo "2473"]
[BlackElo "2611"]
[EventDate "2018.03.17"]
[PlyCount "66"]

1.e4 c5 2.Nf3 Nc6 3.Nc3 e6 4.d4 cxd4 5.Nxd4 Qc7 6.Be3 a6 7.Qd2 Nf6 8.f4 b5
9.e5 Ng4 10.Bg1 Bb7 11.O-O-O Rd8 12.Nxc6 Bxc6 13.Qe2 Nh6 14.Ne4 Nf5 15.g4 
Qb7 16.Re1 d5 17.Nc5 Bxc5 18.Bxc5 d4 19.Rg1 Ne3 20.Qd2 Be4 21.Bd3 Rc8 22.
Bxd4 Nxc2 23.Bxc2 Rxc2+ 24.Qxc2 Bxc2 25.Kxc2 Qd5 26.Bc3 Qxa2 27.Re4 a5 28.
Rd1 O-O 29.Rd6 b4 30.Bd4 Rc8+ 31.Kd2 Qb1 32.Re2 h5 33.gxh5 Rc2+ 0-1

[Event "19th EUR-ch"]
[Site "Batumi GEO"]
[Date "2018.03.28"]
[Round "11.69"]
[White "Martinovic, Sasa"]
[Black "Pijpers, Arthur"]
[Result "1-0"]
[WhiteElo "2604"]
[BlackElo "2453"]
[EventDate "2018.03.17"]
[PlyCount "79"]

1.d4 d5 2.c4 c6 3.e3 Nf6 4.Nc3 e6 5.Bd2 Nbd7 6.Rc1 Bd6 7.cxd5 exd5 8.Bd3 
O-O 9.Nge2 Re8 10.f3 c5 11.O-O a6 12.g4 h6 13.Rf2 Qb6 14.h4 Qd8 15.g5 Nh5 
16.f4 Nb6 17.dxc5 Bxc5 18.Nd4 Bxd4 19.exd4 Ng3 20.f5 Ne4 21.Qg4 Nxf2 22.
Kxf2 g6 23.gxh6 Qf6 24.Rg1 Bxf5 25.Bxf5 Kh7 26.Bf4 Qxd4+ 27.Kf3 Qf6 28.Bc2
Nc4 29.Qg5 Qc6 30.h5 d4+ 31.Nd5 Re6 32.Be4 Rxe4 33.Nf6+ Kh8 34.Nxe4 Re8 
35.Qf6+ Qxf6 36.Nxf6 Re6 37.hxg6 Nd2+ 38.Bxd2 Rxf6+ 39.Ke4 fxg6 40.Rc1 1-0

[Event "19th EUR-ch"]
[Site "Batumi GEO"]
[Date "2018.03.28"]
[Round "11.70"]
[White "Jojua, Davit"]
[Black "Mazur, Stefan"]
[Result "1-0"]
[WhiteElo "2601"]
[BlackElo "2439"]
[EventDate "2018.03.17"]
[PlyCount "101"]

1.d4 Nf6 2.c4 g6 3.g3 c6 4.Bg2 d5 5.Qa4 Nbd7 6.cxd5 Nb6 7.Qd1 cxd5 8.Nc3 
Bg7 9.e3 Bf5 10.Nge2 Qd7 11.Nf4 h5 12.h3 Bh6 13.Nd3 Bxd3 14.Qxd3 h4 15.g4 
e6 16.b3 Bf8 17.O-O Rc8 18.Bd2 Bd6 19.f4 Bb4 20.Rfc1 a6 21.a3 Bxc3 22.Bxc3
Ne4 23.Ba5 Rc6 24.Rxc6 Qxc6 25.Ra2 Kd7 26.Rc2 Qd6 27.Bxe4 dxe4 28.Qxe4 Nd5
29.Qe5 Qxe5 30.dxe5 b6 31.Bd2 g5 32.Kf2 gxf4 33.exf4 Rh7 34.Kf3 Rh8 35.Be1
Rh7 36.Bf2 Rh8 37.Bd4 Rh7 38.Ke4 Rh8 39.f5 Rg8 40.f6 Rg6 41.Bb2 Rg8 42.Bc1
Rh8 43.Bd2 Rh7 44.Rc1 Rh8 45.g5 Rg8 46.Rg1 Rc8 47.g6 fxg6 48.Rxg6 Rc2 49.
Rg7+ Ke8 50.f7+ Kf8 51.Bh6 1-0

[Event "19th EUR-ch"]
[Site "Batumi GEO"]
[Date "2018.03.28"]
[Round "11.71"]
[White "Ivanisevic, Ivan"]
[Black "Janik, Igor"]
[Result "1/2-1/2"]
[WhiteElo "2587"]
[BlackElo "2422"]
[EventDate "2018.03.17"]
[PlyCount "101"]

1.c4 e5 2.Nc3 Nf6 3.g3 c6 4.Nf3 e4 5.Nd4 d5 6.cxd5 cxd5 7.d3 Bc5 8.Nb3 Bb4
9.dxe4 Nxe4 10.Bd2 Bxc3 11.Bxc3 Nxc3 12.bxc3 O-O 13.Bg2 Qc7 14.O-O Qxc3 
15.Qxd5 Nc6 16.Qc5 Qxc5 17.Nxc5 Na5 18.Rfd1 Re8 19.Rac1 Rb8 20.Nd7 Bxd7 
21.Rxd7 Rbd8 22.Rcc7 Rxd7 23.Rxd7 Kf8 24.Bxb7 Rxe2 25.Bd5 Re7 26.Rd8+ Re8 
27.Rxe8+ Kxe8 28.Kg2 f6 29.Kf3 Kd7 30.Bg8 h6 31.Bd5 Nc6 32.Bxc6+ Kxc6 33.
Ke4 Kd6 34.Kf5 Ke7 35.h4 Kf7 36.h5 Ke7 37.a4 Kf7 38.Ke4 Ke6 39.Kd4 Kd6 40.
Kc4 Kc6 41.g4 a6 42.Kd4 Kd6 43.f4 Ke6 44.Ke4 Kd6 45.Kf5 Ke7 46.g5 fxg5 47.
fxg5 hxg5 48.Kxg5 a5 49.Kf5 Kf7 50.Ke5 g6 51.hxg6+ 1/2-1/2

[Event "19th EUR-ch"]
[Site "Batumi GEO"]
[Date "2018.03.28"]
[Round "11.72"]
[White "Paichadze, Luka"]
[Black "Danielian, Elina"]
[Result "1/2-1/2"]
[WhiteElo "2581"]
[BlackElo "2413"]
[EventDate "2018.03.17"]
[PlyCount "113"]

1.e4 e6 2.Qe2 Nc6 3.Nf3 e5 4.g3 Bc5 5.Bg2 d6 6.c3 Nf6 7.O-O O-O 8.h3 a5 9.
Rd1 Re8 10.d3 h6 11.Nbd2 d5 12.Nf1 Bd6 13.g4 Ne7 14.Nh4 dxe4 15.dxe4 Nh7 
16.Nf5 Nxf5 17.exf5 Qh4 18.Ng3 Nf6 19.Ne4 Nxe4 20.Qxe4 Rb8 21.Be3 Bd7 22.
Qc2 Bc6 23.Rab1 h5 24.Qe2 e4 25.b4 axb4 26.cxb4 hxg4 27.hxg4 Qh2+ 28.Kf1 
b5 29.Rbc1 Ba8 30.a3 Qe5 31.Qd2 Qh2 32.g5 Rbd8 33.f6 gxf6 34.gxf6 Qh4 35.
Qe2 Re5 36.Rc5 Rde8 37.Rxb5 Bc6 38.Rxe5 Rxe5 39.Bc5 Bxc5 40.bxc5 Rxc5 41.
Qe3 Rf5 42.Rd8+ Kh7 43.Rd4 Rxf6 44.Bxe4+ Bxe4 45.Qxe4+ Qxe4 46.Rxe4 Ra6 
47.a4 Kg6 48.Ke2 f5 49.Rc4 Kf6 50.Kd3 c5 51.Kc3 Ke6 52.f3 Kd5 53.Rf4 Ke5 
54.Rh4 Ra8 55.Rc4 Kd5 56.Rf4 Ke5 57.Rc4 1/2-1/2

[Event "19th EUR-ch"]
[Site "Batumi GEO"]
[Date "2018.03.28"]
[Round "11.73"]
[White "Petrosian, Manuel"]
[Black "Can, Isik"]
[Result "1-0"]
[WhiteElo "2569"]
[BlackElo "2413"]
[EventDate "2018.03.17"]
[PlyCount "51"]

1.c4 c6 2.g3 d5 3.Bg2 Nf6 4.Nf3 Bf5 5.O-O e6 6.cxd5 exd5 7.d3 Be7 8.Qb3 
Qb6 9.Qc2 Nbd7 10.Nc3 O-O 11.e4 Bg6 12.Be3 Qa6 13.Nh4 Bh5 14.Nf5 Bb4 15.
exd5 Bg6 16.a3 Bxc3 17.Ne7+ Kh8 18.Nxg6+ fxg6 19.dxc6 bxc6 20.Qxc3 Rac8 
21.Qc4 Qb7 22.b4 a6 23.Rac1 Ne5 24.Qc3 Qb5 25.a4 Qb8 26.Bf4 1-0

[Event "19th EUR-ch"]
[Site "Batumi GEO"]
[Date "2018.03.28"]
[Round "11.74"]
[White "Wagner, Dennis"]
[Black "Korchmar, Vasiliy"]
[Result "1/2-1/2"]
[WhiteElo "2566"]
[BlackElo "2411"]
[EventDate "2018.03.17"]
[PlyCount "77"]

1.e4 c5 2.Nf3 d6 3.d4 cxd4 4.Nxd4 Nf6 5.Nc3 Nc6 6.Bg5 e6 7.Qd2 a6 8.O-O-O 
h6 9.Nxc6 bxc6 10.Bf4 d5 11.Qe3 Bb4 12.Be2 O-O 13.e5 Nd7 14.Qg3 Qc7 15.
Rhe1 a5 16.Bf1 Nc5 17.Re3 Bxc3 18.bxc3 Ne4 19.Qh4 Ba6 20.Bxa6 Rxa6 21.f3 
Nc5 22.Rd4 Qd8 23.Qh5 f5 24.Bxh6 Qe8 25.Qxe8 Rxe8 26.Bg5 Nd7 27.g4 Rf8 28.
Rf4 fxg4 29.Rxf8+ Kxf8 30.fxg4 Nb6 31.Rf3+ Kg8 32.Bh4 Nc4 33.Bg3 Rb6 34.a4
Na3 35.g5 Rb1+ 36.Kd2 Nc4+ 37.Ke2 Kh7 38.Rf8 Kg6 39.h4 1/2-1/2

[Event "19th EUR-ch"]
[Site "Batumi GEO"]
[Date "2018.03.28"]
[Round "11.75"]
[White "Torosian, Norayr"]
[Black "Skoberne, Jure"]
[Result "0-1"]
[WhiteElo "2371"]
[BlackElo "2563"]
[EventDate "2018.03.17"]
[PlyCount "194"]

1.e4 e6 2.d4 d5 3.Nd2 c5 4.exd5 Qxd5 5.dxc5 Nf6 6.Ngf3 Qxc5 7.Bd3 Nbd7 8.
O-O Qc7 9.Re1 Be7 10.Ne4 O-O 11.Nxf6+ Nxf6 12.Ne5 Bd6 13.Bf4 g6 14.Qe2 Nd7
15.Rad1 Bxe5 16.Bxe5 Nxe5 17.Qxe5 Qxe5 18.Rxe5 Rd8 19.f4 b6 20.Rde1 Bb7 
21.Kf2 Rac8 22.g4 Kg7 23.h4 Rd5 24.Rxd5 Bxd5 25.b3 Kf6 26.g5+ Ke7 27.c4 
Bc6 28.b4 h6 29.Rc1 hxg5 30.hxg5 Rh8 31.c5 b5 32.Kg3 Rd8 33.Rc3 a5 34.a3 
axb4 35.axb4 Rd4 36.Ra3 Rxb4 37.Ra7+ Kd8 38.Be2 Rb2 39.Kf2 b4 40.Ke3 b3 
41.Bd3 Ke8 42.Rc7 Bd5 43.c6 Rg2 44.Rb7 Bxc6 45.Rxb3 e5 46.fxe5 Rxg5 47.Kf4
Rg1 48.Ra3 Kf8 49.e6 fxe6 50.Ra7 Be8 51.Ke5 Rg3 52.Be4 Re3 53.Rh7 Kg8 54.
Rc7 Re1 55.Kd4 Bf7 56.Ra7 Kg7 57.Ke5 Rg1 58.Rc7 Rg5+ 59.Kf4 Ra5 60.Bc2 Kf6
61.Rc3 e5+ 62.Ke3 Bd5 63.Bd1 Kf5 64.Bf3 Bxf3 65.Kxf3 g5 66.Rc8 g4+ 67.Kf2 
Ra2+ 68.Kg3 Ra3+ 69.Kg2 Rf3 70.Rf8+ Ke4 71.Ra8 Kf4 72.Rf8+ Ke3 73.Rg8 g3 
74.Ra8 e4 75.Ra7 Rf2+ 76.Kxg3 Rd2 77.Ra3+ Rd3 78.Ra2 Rb3 79.Kg2 Rc3 80.Kf1
Rc1+ 81.Kg2 Kd3 82.Ra3+ Rc3 83.Ra8 Kd2 84.Re8 Re3 85.Ra8 Rd3 86.Ra2+ Ke1 
87.Ra1+ Ke2 88.Ra2+ Rd2 89.Ra8 e3 90.Ra7 Ke1+ 91.Kf3 e2 92.Kg2 Rd1 93.Ra2 
Rd8 94.Ra1+ Kd2 95.Ra2+ Ke3 96.Ra3+ Rd3 97.Ra1 Rd1 0-1

[Event "19th EUR-ch"]
[Site "Batumi GEO"]
[Date "2018.03.28"]
[Round "11.76"]
[White "Danielyan, Vahe"]
[Black "Nevednichy, Vladislav"]
[Result "1/2-1/2"]
[WhiteElo "2331"]
[BlackElo "2542"]
[EventDate "2018.03.17"]
[PlyCount "125"]

1.e4 c5 2.Nf3 d6 3.d4 cxd4 4.Nxd4 Nf6 5.Nc3 Nc6 6.Bc4 e6 7.Be3 a6 8.Bb3 
Na5 9.Qe2 b5 10.O-O-O Qc7 11.Kb1 Be7 12.g4 Nxb3 13.axb3 Bb7 14.f3 b4 15.
Na4 Nd7 16.h4 Nc5 17.g5 Nxa4 18.bxa4 d5 19.exd5 Bxd5 20.b3 Qb7 21.Bc1 O-O 
22.h5 Rae8 23.Rdg1 Bc5 24.h6 g6 25.Qe5 Bxd4 26.Qxd4 e5 27.Qf2 Qc6 28.Rh4 
a5 29.Re1 f6 30.gxf6 Qxf6 31.f4 Qf5 32.Qe3 Re6 33.fxe5 Rc6 34.Rh2 Rc3 35.
Qa7 Rf7 36.Qd4 Be6 37.Re3 Rxb3+ 38.Rxb3 Bxb3 39.Rd2 Be6 40.Qd8+ Rf8 41.Qc7
Qf7 42.Qxf7+ Kxf7 43.Bb2 Rc8 44.Bd4 Rc6 45.Kb2 g5 46.Be3 g4 47.Rd6 Rxd6 
48.exd6 g3 49.Bb6 g2 50.c3 bxc3+ 51.Kxc3 Bd7 52.Kd2 Bxa4 53.Ke2 Bc6 54.Kf2
a4 55.d7 Bxd7 56.Kxg2 Ke6 57.Kf3 Kd5 58.Ke3 a3 59.Kd3 a2 60.Bd4 Bf5+ 61.
Ke3 Kc4 62.Ba1 Kb3 63.Kd2 1/2-1/2

[Event "19th EUR-ch"]
[Site "Batumi GEO"]
[Date "2018.03.28"]
[Round "11.78"]
[White "Martynov, Roman"]
[Black "Meskovs, Nikita"]
[Result "1/2-1/2"]
[WhiteElo "2319"]
[BlackElo "2536"]
[EventDate "2018.03.17"]
[PlyCount "125"]

1.d4 Nf6 2.Nf3 e6 3.c4 b6 4.g3 Bb7 5.Bg2 Bb4+ 6.Bd2 a5 7.O-O O-O 8.Bg5 Be7
9.Bxf6 Bxf6 10.Nc3 d6 11.Qc2 g6 12.Rad1 Nd7 13.b3 Bg7 14.e3 Qe7 15.e4 c6 
16.Rfe1 Rac8 17.Qd2 Qd8 18.Qe3 Re8 19.h4 Qe7 20.Bh3 Rcd8 21.Bg2 Rb8 22.Bf1
Qf8 23.Qd2 Red8 24.Qc2 Rbc8 25.Qd2 h6 26.Qe3 Kh7 27.Bh3 Ba6 28.Bf1 Bb7 29.
Bh3 Rb8 30.Bf1 Re8 31.Qd2 Ba8 32.Qc1 Qh8 33.Qd2 Rf8 34.Qe3 Kg8 35.Qd3 c5 
36.Bg2 Rbd8 37.Qe3 Nb8 38.Nb5 Nc6 39.d5 exd5 40.exd5 Ne5 41.Nxe5 Bxe5 42.
h5 g5 43.Qd3 Bb7 44.Bh3 Qf6 45.Re3 a4 46.bxa4 Ra8 47.Qc2 Ra5 48.Rb1 Ba6 
49.Kg2 Ra8 50.Nc7 Ra7 51.Nxa6 R5xa6 52.Ra3 Bd4 53.Bc8 Ra5 54.Rxb6 Kg7 55.
Rb7 Rxb7 56.Bxb7 g4 57.Bc8 Qg5 58.Qf5 Qxf5 59.Bxf5 Bb2 60.Rb3 Be5 61.Ra3 
Bb2 62.Rb3 Be5 63.Ra3 1/2-1/2

[Event "19th EUR-ch"]
[Site "Batumi GEO"]
[Date "2018.03.28"]
[Round "11.79"]
[White "Tifferet, Shaked"]
[Black "Kantor, Gergely"]
[Result "0-1"]
[WhiteElo "2274"]
[BlackElo "2527"]
[EventDate "2018.03.17"]
[PlyCount "94"]

1.e4 e5 2.Nf3 Nc6 3.Bb5 a6 4.Ba4 Nf6 5.d3 Bc5 6.Bxc6 dxc6 7.h3 Qe7 8.Nc3 
Nd7 9.Be3 Bxe3 10.fxe3 a5 11.O-O O-O 12.Kh1 Re8 13.Qe1 Nf8 14.Nh4 Qg5 15.
Qf2 Be6 16.Nf3 Qf6 17.Ne2 Nd7 18.Ng3 g6 19.Ne2 h6 20.Qg3 Qg7 21.Nh4 c5 22.
Qf2 Kh7 23.g4 a4 24.Kh2 b5 25.Rg1 b4 26.b3 Qf6 27.Qg3 Qg5 28.Qf2 Ra6 29.
Raf1 axb3 30.axb3 Ra2 31.Nc1 Rb2 32.Rg2 Ra8 33.Nf5 Ra1 34.Qd2 Bxb3 35.Qd1 
gxf5 36.Rxf5 Qxe3 37.g5 Qxc1 38.Qh5 Qh1+ 39.Kg3 Qe1+ 40.Kh2 Qh1+ 41.Kg3 
Nf8 42.Rxf7+ Kg8 43.gxh6 Bxf7 44.Qg5+ Ng6 45.Qf6 Qxg2+ 46.Kxg2 Rxc2+ 47.
Kg3 Rg1+ 0-1

[Event "19th EUR-ch"]
[Site "Batumi GEO"]
[Date "2018.03.28"]
[Round "11.80"]
[White "Repka, Christopher"]
[Black "Ozen, Deniz"]
[Result "1/2-1/2"]
[WhiteElo "2524"]
[BlackElo "2407"]
[EventDate "2018.03.17"]
[PlyCount "77"]

1.g3 e5 2.c4 Nf6 3.Bg2 c6 4.Nf3 e4 5.Nd4 d5 6.cxd5 cxd5 7.O-O Bc5 8.Nb3 
Bb6 9.d3 Bf5 10.Nc3 exd3 11.Bg5 Be6 12.Qxd3 O-O 13.Rad1 h6 14.Bxf6 Qxf6 
15.Nxd5 Bxd5 16.Bxd5 Nc6 17.Bxc6 Qxc6 18.e3 Qa4 19.Nc1 Rac8 20.Qb3 Qxb3 
21.Nxb3 Rc2 22.Rb1 Rfc8 23.Rfd1 R8c6 24.Rd2 Rxd2 25.Nxd2 Rc2 26.Ne4 Bc7 
27.a3 f5 28.Nc3 Be5 29.a4 Kf7 30.a5 Ke6 31.Na4 Kd5 32.b4 Kc4 33.Nc5 b6 34.
axb6 axb6 35.Nd7 Bc7 36.Rd1 Kxb4 37.Rd5 g6 38.Nxb6 Bxb6 39.Rd6 1/2-1/2